[Event "European Senior Team Championship 2021"]
[Site "Don Giovanni hotel, Vinohradska 2733, Prague, Czech Republic"]
[Date "2021.09.04"]
[Round "6"]
[Board "1"]
[White "Richtrova, Eliska"]
[Black "Nudcenko, Karel"]
[Result "1-0"]
[WhiteElo "2186"]
[BlackElo "2033"]
[PlyCount "0"]
[EventDate "2021.08.30"]
[EventType "team"]
[EventRounds "9"]
[EventCountry "ECX"]
[WhiteTeam "CZECH REPUBLIC WOMEN"]
[BlackTeam "TJ SOKOL UDLICE"]

1. e4 {[%clk 1:30:59]} e6 {[%clk 1:30:46]} 2. d4 {[%clk 1:31:19]} d5
{[%clk 1:31:06]} 3. Nd2 {[%clk 1:31:36]} c5 {[%clk 1:31:18]} 4. Ngf3
{[%clk 1:31:21]} Nc6 {[%clk 1:30:25]} 5. exd5 {[%clk 1:30:28]} exd5
{[%clk 1:29:43]} 6. Bb5 {[%clk 1:28:11]} Nf6 {[%clk 1:26:54]} 7. O-O
{[%clk 1:26:00]} Be7 {[%clk 1:25:59]} 8. dxc5 {[%clk 1:24:36]} O-O
{[%clk 1:24:30]} 9. h3 {[%clk 1:20:22]} Bxc5 {[%clk 1:23:30]} 10. Nb3
{[%clk 1:20:47]} Bb6 {[%clk 1:18:39]} 11. Re1 {[%clk 1:12:34]} Ne4
{[%clk 1:07:31]} 12. Be3 {[%clk 1:12:29]} Be6 {[%clk 1:06:31]} 13. Bd3
{[%clk 1:07:57]} f5 {[%clk 0:59:17]} 14. Nfd4 {[%clk 1:02:42]} Bd7
{[%clk 0:57:29]} 15. f4 {[%clk 0:53:47]} Qf6 {[%clk 0:53:27]} 16. c3
{[%clk 0:54:11]} Rfe8 {[%clk 0:52:51]} 17. Nc2 {[%clk 0:51:16]} Ne7
{[%clk 0:47:33]} 18. Bxe4 {[%clk 0:45:25]} fxe4 {[%clk 0:46:06]} 19. Bxb6
{[%clk 0:45:51]} Qxb6+ {[%clk 0:42:43]} 20. Qd4 {[%clk 0:41:40]} Qxd4+
{[%clk 0:40:47]} 21. Nbxd4 {[%clk 0:41:58]} Rf8 {[%clk 0:39:20]} 22. Rf1
{[%clk 0:41:44]} Rf7 {[%clk 0:34:42]} 23. Rf2 {[%clk 0:42:03]} Raf8
{[%clk 0:34:42]} 24. Raf1 {[%clk 0:42:28]} h5 {[%clk 0:29:53]} 25. Ne3
{[%clk 0:38:21]} g6 {[%clk 0:28:50]} 26. Kh2 {[%clk 0:36:59]} Kg7
{[%clk 0:24:56]} 27. g4 {[%clk 0:34:33]} hxg4 {[%clk 0:24:39]} 28. hxg4
{[%clk 0:35:02]} Rh8+ {[%clk 0:24:30]} 29. Kg3 {[%clk 0:35:25]} Kg8
{[%clk 0:20:39]} 30. Rh2 {[%clk 0:34:36]} Rxh2 {[%clk 0:21:02]} 31. Kxh2
{[%clk 0:35:03]} Rh7+ {[%clk 0:21:17]} 32. Kg3 {[%clk 0:35:24]} Kf7
{[%clk 0:20:16]} 33. c4 {[%clk 0:31:20]} Bc6 {[%clk 0:18:20]} 34. f5
{[%clk 0:26:17]} dxc4 {[%clk 0:12:52]} 35. fxg6+ {[%clk 0:24:25]} Kxg6
{[%clk 0:12:45]} 36. Nxc4 {[%clk 0:24:50]} Bd5 {[%clk 0:11:50]} 37. Ne5+
{[%clk 0:23:48]} Kg5 {[%clk 0:11:00]} 38. Ne2 {[%clk 0:12:49]} e3
{[%clk 0:08:20]} 39. Nf3+ {[%clk 0:09:22]} Kh6 {[%clk 0:04:26]} 40. b3
{[%clk 0:06:40]} Rf7 {[%clk 0:02:59]} 41. Nf4 {[%clk 0:06:15]} Bc6
{[%clk 0:01:49]} 42. Ne5 {[%clk 0:02:43]} Rh7 {[%clk 0:26:51]} 43. Ne6
{[%clk 0:27:53]} Ng8 {[%clk 0:19:05]} 44. g5+ {[%clk 0:28:10]} Kh5
{[%clk 0:19:00]} 45. Rf4 {[%clk 0:28:29]}  1-0

[Event "European Senior Team Championship 2021"]
[Site "Don Giovanni hotel, Vinohradska 2733, Prague, Czech Republic"]
[Date "2021.09.04"]
[Round "6"]
[Board "2"]
[White "Mazanek, Kamil"]
[Black "Svobodova, Michaela"]
[Result "1/2-1/2"]
[WhiteElo "2070"]
[BlackElo "1919"]
[PlyCount "0"]
[EventDate "2021.08.30"]
[EventType "team"]
[EventRounds "9"]
[EventCountry "ECX"]
[WhiteTeam "TJ SOKOL UDLICE"]
[BlackTeam "CZECH REPUBLIC WOMEN"]

1. e4 {[%clk 1:30:54]} c5 {[%clk 1:30:45]} 2. c3 {[%clk 1:31:23]} d5
{[%clk 1:30:55]} 3. exd5 {[%clk 1:31:52]} Qxd5 {[%clk 1:31:14]} 4. d4
{[%clk 1:32:17]} g6 {[%clk 1:31:13]} 5. Nf3 {[%clk 1:32:03]} Bg7 {[%clk 1:31:18]}
6. Na3 {[%clk 1:29:55]} cxd4 {[%clk 1:25:21]} 7. Nb5 {[%clk 1:28:49]} Na6
{[%clk 1:21:42]} 8. Nbxd4 {[%clk 1:26:56]} Nh6 {[%clk 1:18:10]} 9. Qb3
{[%clk 1:13:06]} Qe4+ {[%clk 1:13:41]} 10. Be2 {[%clk 0:59:42]} O-O
{[%clk 1:10:58]} 11. Ng5 {[%clk 0:51:23]} Qe5 {[%clk 1:04:32]} 12. O-O
{[%clk 0:46:08]} Nc5 {[%clk 1:00:32]} 13. Qc4 {[%clk 0:43:55]} Nf5
{[%clk 0:50:47]} 14. Ngf3 {[%clk 0:36:35]} Qc7 {[%clk 0:45:40]} 15. Rd1
{[%clk 0:28:40]} Nd6 {[%clk 0:34:15]} 16. Nb5 {[%clk 0:25:53]} Nxb5
{[%clk 0:33:37]} 17. Qxb5 {[%clk 0:26:21]} b6 {[%clk 0:29:36]} 18. Qb4
{[%clk 0:24:09]} Bb7 {[%clk 0:27:24]} 19. Be3 {[%clk 0:21:59]} e5
{[%clk 0:24:19]} 20. Qh4 {[%clk 0:18:55]} Ne4 {[%clk 0:19:26]} 21. Ng5
{[%clk 0:15:44]} Nxg5 {[%clk 0:18:52]} 22. Bxg5 {[%clk 0:16:12]} Qc6
{[%clk 0:15:28]} 23. Bf1 {[%clk 0:15:55]} Rfe8 {[%clk 0:12:42]} 24. Rd2
{[%clk 0:15:01]} Qe4 {[%clk 0:09:51]} 25. Rad1 {[%clk 0:08:40]} h6
{[%clk 0:06:48]} 26. Bf6 {[%clk 0:06:05]} g5 {[%clk 0:04:12]} 27. Qxe4
{[%clk 0:06:30]} Bxe4 {[%clk 0:04:36]} 28. Bxg7 {[%clk 0:06:57]} Kxg7
{[%clk 0:05:00]} 29. Rd7 {[%clk 0:05:15]} Bf5 {[%clk 0:04:34]} 30. R7d6
{[%clk 0:05:03]} Re6 {[%clk 0:03:45]} 31. Ba6 {[%clk 0:03:14]} Rxd6
{[%clk 0:03:08]} 32. Rxd6 {[%clk 0:03:42]} Be6 {[%clk 0:03:07]} 33. a3
{[%clk 0:03:49]} Kf6 {[%clk 0:02:32]} 34. Kf1 {[%clk 0:03:04]} Ke7
{[%clk 0:02:37]} 35. Rd2 {[%clk 0:02:33]} Rd8 {[%clk 0:02:41]} 36. Rxd8
{[%clk 0:02:55]} Kxd8 {[%clk 0:03:07]} 37. Ke2 {[%clk 0:03:19]} Kc7
{[%clk 0:03:15]} 38. Ke3 {[%clk 0:02:02]} Kd6 {[%clk 0:03:30]} 39. b4
{[%clk 0:01:33]} f5 {[%clk 0:03:12]} 40. g3 {[%clk 0:00:49]} Bd5 {[%clk 0:02:12]}
41. Be2  1/2-1/2

[Event "European Senior Team Championship 2021"]
[Site "Don Giovanni hotel, Vinohradska 2733, Prague, Czech Republic"]
[Date "2021.09.04"]
[Round "6"]
[Board "3"]
[White "Cejkova, Miroslava"]
[Black "Svarc, Roman"]
[Result "1-0"]
[WhiteElo "2010"]
[BlackElo "2030"]
[PlyCount "0"]
[EventDate "2021.08.30"]
[EventType "team"]
[EventRounds "9"]
[EventCountry "ECX"]
[WhiteTeam "CZECH REPUBLIC WOMEN"]
[BlackTeam "TJ SOKOL UDLICE"]

1. e4 {[%clk 1:30:52]} c5 {[%clk 1:30:51]} 2. Nc3 {[%clk 1:31:13]} Nc6
{[%clk 1:31:04]} 3. f4 {[%clk 1:31:28]} g6 {[%clk 1:31:15]} 4. Nf3
{[%clk 1:31:48]} Bg7 {[%clk 1:31:39]} 5. Bc4 {[%clk 1:32:01]} d6 {[%clk 1:31:31]}
6. O-O {[%clk 1:31:12]} e6 {[%clk 1:31:13]} 7. d3 {[%clk 1:30:37]} Nge7
{[%clk 1:31:25]} 8. Qe1 {[%clk 1:24:33]} O-O {[%clk 1:30:56]} 9. Bb3
{[%clk 1:20:16]} Nd4 {[%clk 1:26:36]} 10. Nxd4 {[%clk 1:02:53]} cxd4
{[%clk 1:26:07]} 11. Ne2 {[%clk 1:03:08]} Kh8 {[%clk 0:48:43]} 12. c3
{[%clk 0:48:40]} Nc6 {[%clk 0:44:25]} 13. Rb1 {[%clk 0:39:35]} a5
{[%clk 0:36:08]} 14. Ba4 {[%clk 0:36:46]} Qb6 {[%clk 0:33:05]} 15. Qf2
{[%clk 0:36:09]} Qa6 {[%clk 0:25:44]} 16. Bc2 {[%clk 0:35:15]} dxc3
{[%clk 0:17:59]} 17. bxc3 {[%clk 0:35:30]} b5 {[%clk 0:16:57]} 18. Be3
{[%clk 0:30:21]} Bd7 {[%clk 0:15:28]} 19. Kh1 {[%clk 0:21:44]} a4
{[%clk 0:13:23]} 20. d4 {[%clk 0:16:48]} f5 {[%clk 0:11:18]} 21. Bd3
{[%clk 0:13:17]} Ne7 {[%clk 0:10:08]} 22. exf5 {[%clk 0:11:27]} exf5
{[%clk 0:09:49]} 23. Bd2 {[%clk 0:11:31]} Rac8 {[%clk 0:09:24]} 24. Rfc1
{[%clk 0:11:17]} Be6 {[%clk 0:08:17]} 25. Rc2 {[%clk 0:11:13]} Rb8
{[%clk 0:08:06]} 26. Rcb2 {[%clk 0:10:59]} a3 {[%clk 0:03:29]} 27. Rxb5
{[%clk 0:05:47]} Bxa2 {[%clk 0:03:30]} 28. Rxb8 {[%clk 0:06:10]} Qxd3
{[%clk 0:03:55]} 29. Rxf8+ {[%clk 0:06:28]} Bxf8 {[%clk 0:04:24]} 30. Rb8
{[%clk 0:06:43]} Kg7 {[%clk 0:04:17]} 31. Nc1 {[%clk 0:05:35]} Qc2
{[%clk 0:04:33]} 32. Ra8 {[%clk 0:03:49]} Qb2 {[%clk 0:02:01]} 33. Nxa2
{[%clk 0:01:52]} Qxa2 {[%clk 0:02:28]} 34. c4 {[%clk 0:01:20]} Kf7
{[%clk 0:01:25]} 35. h3 {[%clk 0:01:27]} Bg7 {[%clk 0:01:20]} 36. Be3
{[%clk 0:01:13]} Qb3 {[%clk 0:01:19]} 37. Ra7 {[%clk 0:01:09]} Qxc4
{[%clk 0:01:10]} 38. Rxa3 {[%clk 0:01:25]} Nc6 {[%clk 0:01:17]} 39. Qb2
{[%clk 0:01:11]} Bxd4 {[%clk 0:00:54]} 40. Bxd4 {[%clk 0:00:48]} Qf1+
{[%clk 0:01:06]} 41. Bg1 {[%clk 0:00:51]}  1-0

[Event "European Senior Team Championship 2021"]
[Site "Don Giovanni hotel, Vinohradska 2733, Prague, Czech Republic"]
[Date "2021.09.04"]
[Round "6"]
[Board "4"]
[White "Koblasa, Josef"]
[Black "Taborska, Veronika"]
[Result "0-1"]
[WhiteElo "1929"]
[BlackElo "2002"]
[PlyCount "0"]
[EventDate "2021.08.30"]
[EventType "team"]
[EventRounds "9"]
[EventCountry "ECX"]
[WhiteTeam "TJ SOKOL UDLICE"]
[BlackTeam "CZECH REPUBLIC WOMEN"]

1. c4 {[%clk 1:30:58]} e6 {[%clk 1:28:57]} 2. Nc3 {[%clk 1:30:58]} d5
{[%clk 1:28:32]} 3. e3 {[%clk 1:31:14]} Nf6 {[%clk 1:27:55]} 4. d4
{[%clk 1:30:50]} c6 {[%clk 1:24:31]} 5. Nf3 {[%clk 1:28:04]} Bd6 {[%clk 1:22:23]}
6. c5 {[%clk 1:24:53]} Bc7 {[%clk 1:20:58]} 7. b4 {[%clk 1:24:50]} a6
{[%clk 1:16:54]} 8. Bd3 {[%clk 1:21:55]} Nbd7 {[%clk 1:14:54]} 9. Bb2
{[%clk 1:13:37]} e5 {[%clk 1:12:31]} 10. dxe5 {[%clk 1:09:00]} Nxe5
{[%clk 1:12:20]} 11. Be2 {[%clk 1:07:51]} O-O {[%clk 1:09:00]} 12. O-O
{[%clk 1:02:33]} Qe7 {[%clk 0:59:58]} 13. Na4 {[%clk 0:57:58]} Bf5
{[%clk 0:54:44]} 14. Nxe5 {[%clk 0:43:59]} Bxe5 {[%clk 0:54:51]} 15. Bxe5
{[%clk 0:44:25]} Qxe5 {[%clk 0:55:08]} 16. Qd4 {[%clk 0:43:39]} Qxd4
{[%clk 0:48:49]} 17. exd4 {[%clk 0:43:52]} Rfe8 {[%clk 0:47:03]} 18. Bf3
{[%clk 0:41:32]} Be4 {[%clk 0:43:12]} 19. Bxe4 {[%clk 0:39:59]} Rxe4
{[%clk 0:43:25]} 20. Rfe1 {[%clk 0:40:03]} Rxd4 {[%clk 0:32:41]} 21. Nb6
{[%clk 0:39:05]} Re8 {[%clk 0:30:56]} 22. Rxe8+ {[%clk 0:37:30]} Nxe8
{[%clk 0:31:18]} 23. Re1 {[%clk 0:37:46]} Nc7 {[%clk 0:23:02]} 24. g3
{[%clk 0:35:40]} Ne6 {[%clk 0:22:20]} 25. a3 {[%clk 0:29:31]} g6 {[%clk 0:21:15]}
26. Kf1 {[%clk 0:27:28]} a5 {[%clk 0:18:46]} 27. Rb1 {[%clk 0:26:00]} Rd3
{[%clk 0:18:16]} 28. Nd7 {[%clk 0:23:54]} Rxa3 {[%clk 0:16:53]} 29. bxa5
{[%clk 0:23:09]} Rxa5 {[%clk 0:16:42]} 30. Rxb7 {[%clk 0:23:20]} Nxc5
{[%clk 0:15:09]} 31. Rb8+ {[%clk 0:21:36]} Kg7 {[%clk 0:15:32]} 32. Ne5
{[%clk 0:21:49]} Ra7 {[%clk 0:09:36]} 33. Nxc6 {[%clk 0:21:39]} Rd7
{[%clk 0:07:16]} 34. Rd8 {[%clk 0:15:03]} Rxd8 {[%clk 0:05:45]} 35. Nxd8
{[%clk 0:15:28]} Kf6 {[%clk 0:04:48]} 36. Ke2 {[%clk 0:14:39]} Ke7
{[%clk 0:05:09]} 37. Nc6+ {[%clk 0:15:00]} Kd6 {[%clk 0:05:25]} 38. Nd4
{[%clk 0:13:29]} Ne6 {[%clk 0:05:25]} 39. Nc2 {[%clk 0:03:56]} Ke5
{[%clk 0:03:32]} 40. Kd3 {[%clk 0:01:55]} g5 {[%clk 0:02:12]} 41. f3
{[%clk 0:00:59]} f5 {[%clk 0:01:48]} 42. Nb4 {[%clk 0:27:45]} Nc5+
{[%clk 0:30:01]} 43. Kd2 {[%clk 0:26:07]} g4 {[%clk 0:26:59]} 44. Nc6+
{[%clk 0:24:11]} Kd6 {[%clk 0:26:50]} 45. Nd4 {[%clk 0:21:53]} gxf3
{[%clk 0:21:36]} 46. Nxf3 {[%clk 0:21:23]} h6 {[%clk 0:21:08]} 47. Ke3
{[%clk 0:20:26]} Ne6 {[%clk 0:20:19]} 48. Kd3 {[%clk 0:18:20]} Ng5
{[%clk 0:18:16]} 49. Nd4 {[%clk 0:17:54]} Ke5 {[%clk 0:18:17]} 50. Nc6+
{[%clk 0:17:44]} Ke6 {[%clk 0:17:56]} 51. Nd4+ {[%clk 0:17:14]} Kf6
{[%clk 0:18:10]} 52. Ke3 {[%clk 0:16:38]} Ne6 {[%clk 0:10:49]} 53. Nc6
{[%clk 0:15:39]} Kg5 {[%clk 0:09:49]} 54. Ne5 {[%clk 0:12:21]} h5
{[%clk 0:07:28]} 55. Nf3+ {[%clk 0:08:34]} Kg4 {[%clk 0:06:39]} 56. Ne5+
{[%clk 0:06:42]} Kh3 {[%clk 0:06:35]} 57. Nf3 {[%clk 0:06:54]} d4+
{[%clk 0:05:03]} 58. Kd3 {[%clk 0:06:10]} Kg2 {[%clk 0:03:27]} 59. Nh4+
{[%clk 0:06:24]} Kxh2 {[%clk 0:03:22]} 60. Nxf5 {[%clk 0:06:51]} Kh3
{[%clk 0:03:30]} 61. Ke4 {[%clk 0:04:35]} Kg4 {[%clk 0:03:05]} 62. Ke5
{[%clk 0:03:51]} d3 {[%clk 0:01:45]} 63. Kxe6 {[%clk 0:02:25]} d2
{[%clk 0:02:00]} 64. Kf6 {[%clk 0:01:44]} Kf3 {[%clk 0:02:05]}  0-1

[Event "European Senior Team Championship 2021"]
[Site "Don Giovanni hotel, Vinohradska 2733, Prague, Czech Republic"]
[Date "2021.09.05"]
[Round "7"]
[Board "1"]
[White "Nudcenko, Karel"]
[Black "Langner, Ladislav"]
[Result "1/2-1/2"]
[WhiteElo "2033"]
[BlackElo "2380"]
[PlyCount "0"]
[EventDate "2021.08.30"]
[EventType "team"]
[EventRounds "9"]
[EventCountry "ECX"]
[WhiteTeam "TJ SOKOL UDLICE"]
[BlackTeam "1960-69"]

1. e4 {[%clk 1:30:50]} c5 {[%clk 1:30:59]} 2. c3 {[%clk 1:31:11]} Nf6
{[%clk 1:31:22]} 3. e5 {[%clk 1:31:37]} Nd5 {[%clk 1:31:47]} 4. Nf3
{[%clk 1:31:35]} Nc6 {[%clk 1:31:35]} 5. d4 {[%clk 1:31:52]} cxd4
{[%clk 1:31:57]} 6. cxd4 {[%clk 1:32:05]} d6 {[%clk 1:32:12]} 7. Be2
{[%clk 1:30:47]} dxe5 {[%clk 1:26:37]} 8. Nxe5 {[%clk 1:26:02]} g6
{[%clk 1:16:11]} 9. O-O {[%clk 1:20:59]} Bg7 {[%clk 1:16:24]} 10. Nxc6
{[%clk 1:20:57]} bxc6 {[%clk 1:16:53]} 11. Nc3 {[%clk 1:19:54]} O-O
{[%clk 1:16:57]} 12. Nxd5 {[%clk 1:16:36]} Qxd5 {[%clk 1:15:49]} 13. Be3
{[%clk 1:16:23]} Bf5 {[%clk 1:14:28]} 14. Qa4 {[%clk 1:12:11]} Rfb8
{[%clk 1:08:31]} 15. b3 {[%clk 1:09:18]} Be4 {[%clk 1:04:19]} 16. f3
{[%clk 1:00:49]} Bf5 {[%clk 1:02:44]} 17. Rac1 {[%clk 0:58:43]} Bd7
{[%clk 0:54:52]} 18. Rc5 {[%clk 0:56:38]} Qe6 {[%clk 0:48:41]} 19. Kf2
{[%clk 0:56:22]} Qd6 {[%clk 0:48:51]} 20. g3 {[%clk 0:54:09]} a5 {[%clk 0:47:29]}
21. a3 {[%clk 0:46:21]} Be6 {[%clk 0:42:23]} 22. Rb1 {[%clk 0:39:40]} Qd8
{[%clk 0:41:18]} 23. Kg2 {[%clk 0:34:50]} Bd5 {[%clk 0:40:37]} 24. Bc4
{[%clk 0:31:30]} e6 {[%clk 0:39:34]} 25. Bxd5 {[%clk 0:31:39]} cxd5
{[%clk 0:39:59]} 26. Rbc1 {[%clk 0:31:34]} Bf8 {[%clk 0:39:16]} 27. Rc7
{[%clk 0:30:21]} Qe8 {[%clk 0:30:23]} 28. Qxe8 {[%clk 0:24:50]} Rxe8
{[%clk 0:30:52]} 29. a4 {[%clk 0:24:17]} Reb8 {[%clk 0:30:41]} 30. Rd7
{[%clk 0:23:46]} Rc8 {[%clk 0:25:07]} 31. Rcc7 {[%clk 0:22:47]} Rxc7
{[%clk 0:25:05]} 32. Rxc7 {[%clk 0:23:15]} Rb8 {[%clk 0:24:27]} 33. Rc3
{[%clk 0:15:00]} Bb4 {[%clk 0:23:19]} 34. Rc7 {[%clk 0:14:10]} Bf8
{[%clk 0:21:58]} 35. Rc3 {[%clk 0:13:30]} f6 {[%clk 0:18:28]} 36. Bf4
{[%clk 0:11:25]} Rb7 {[%clk 0:18:01]} 37. Rc8 {[%clk 0:10:52]} Kf7
{[%clk 0:16:52]} 38. Rc7+ {[%clk 0:11:01]} Rxc7 {[%clk 0:17:17]}  1/2-1/2

[Event "European Senior Team Championship 2021"]
[Site "Don Giovanni hotel, Vinohradska 2733, Prague, Czech Republic"]
[Date "2021.09.05"]
[Round "7"]
[Board "2"]
[White "Sorm, Daniel"]
[Black "Svarc, Roman"]
[Result "1-0"]
[WhiteElo "2350"]
[BlackElo "2030"]
[PlyCount "0"]
[EventDate "2021.08.30"]
[EventType "team"]
[EventRounds "9"]
[EventCountry "ECX"]
[WhiteTeam "1960-69"]
[BlackTeam "TJ SOKOL UDLICE"]

1. d4 {[%clk 1:29:37]} Nf6 {[%clk 1:30:51]} 2. Bf4 {[%clk 1:29:09]} d6
{[%clk 1:30:18]} 3. Nc3 {[%clk 1:24:05]} Nbd7 {[%clk 1:28:29]} 4. Nf3
{[%clk 1:23:33]} e6 {[%clk 1:26:42]} 5. e4 {[%clk 1:22:44]} Be7 {[%clk 1:25:53]}
6. Bd3 {[%clk 1:17:43]} O-O {[%clk 1:25:31]} 7. h4 {[%clk 1:11:13]} Re8
{[%clk 1:20:20]} 8. e5 {[%clk 1:05:36]} Nd5 {[%clk 1:15:57]} 9. Nxd5
{[%clk 0:45:43]} exd5 {[%clk 1:16:17]} 10. Ng5 {[%clk 0:42:36]} Nf8
{[%clk 1:14:37]} 11. Qh5 {[%clk 0:41:27]} g6 {[%clk 1:10:24]} 12. Qf3
{[%clk 0:38:18]} dxe5 {[%clk 1:08:02]} 13. dxe5 {[%clk 0:38:19]} f6
{[%clk 0:59:01]} 14. exf6 {[%clk 0:37:47]} Bxf6+ {[%clk 0:59:25]} 15. Kf1
{[%clk 0:35:48]} c6 {[%clk 0:58:32]} 16. c3 {[%clk 0:31:26]} Qe7 {[%clk 0:56:08]}
17. Qg3 {[%clk 0:29:39]} h6 {[%clk 0:54:35]} 18. Nf3 {[%clk 0:29:16]} Qg7
{[%clk 0:54:45]} 19. Be3 {[%clk 0:25:32]} Be6 {[%clk 0:48:06]} 20. Qf4
{[%clk 0:25:24]} Bf7 {[%clk 0:40:56]} 21. Qxh6 {[%clk 0:25:14]} b6
{[%clk 0:37:21]} 22. Qxg7+ {[%clk 0:23:52]} Kxg7 {[%clk 0:36:54]} 23. Bd4
{[%clk 0:19:29]} c5 {[%clk 0:35:31]} 24. Bxf6+ {[%clk 0:19:50]} Kxf6
{[%clk 0:35:59]} 25. Ng5 {[%clk 0:18:41]} Re5 {[%clk 0:32:33]} 26. Rh3
{[%clk 0:17:47]} Bg8 {[%clk 0:31:00]} 27. Rf3+ {[%clk 0:17:39]} Ke7
{[%clk 0:29:24]} 28. Re1 {[%clk 0:17:26]} Rxe1+ {[%clk 0:28:26]} 29. Kxe1
{[%clk 0:17:54]} Re8 {[%clk 0:28:00]} 30. Re3+ {[%clk 0:16:16]} Kd8
{[%clk 0:26:29]} 31. Kd2 {[%clk 0:14:48]} Rxe3 {[%clk 0:26:23]} 32. Kxe3
{[%clk 0:15:07]} Ke7 {[%clk 0:26:41]} 33. Kf4 {[%clk 0:14:41]} Kf6
{[%clk 0:26:57]} 34. Bb5 {[%clk 0:13:35]} Ne6+ {[%clk 0:25:23]} 35. Nxe6
{[%clk 0:13:11]} Bxe6 {[%clk 0:25:52]} 36. g4 {[%clk 0:09:23]} Bf7
{[%clk 0:25:54]} 37. a3 {[%clk 0:08:50]} Bg8 {[%clk 0:25:15]} 38. Bd7
{[%clk 0:07:00]} Ke7 {[%clk 0:24:39]} 39. Bc8 {[%clk 0:07:25]} Kd6
{[%clk 0:22:44]} 40. Kg5 {[%clk 0:02:57]} Be6 {[%clk 0:22:23]} 41. Bxe6
{[%clk 0:01:12]} Kxe6 {[%clk 0:22:51]} 42. h5 {[%clk 0:28:43]} gxh5
{[%clk 0:52:06]} 43. gxh5 {[%clk 0:29:05]} d4 {[%clk 0:51:39]} 44. cxd4
{[%clk 0:28:48]} cxd4 {[%clk 0:52:05]} 45. Kf4 {[%clk 0:29:06]}  1-0

[Event "European Senior Team Championship 2021"]
[Site "Don Giovanni hotel, Vinohradska 2733, Prague, Czech Republic"]
[Date "2021.09.05"]
[Round "7"]
[Board "4"]
[White "Priehoda, Vitezslav"]
[Black "Kozak, Karel"]
[Result "1-0"]
[WhiteElo "2269"]
[BlackElo "1859"]
[PlyCount "0"]
[EventDate "2021.08.30"]
[EventType "team"]
[EventRounds "9"]
[EventCountry "ECX"]
[WhiteTeam "1960-69"]
[BlackTeam "TJ SOKOL UDLICE"]

1. Nf3 {[%clk 1:30:58]} e6 {[%clk 1:30:32]} 2. d4 {[%clk 1:30:41]} Nf6
{[%clk 1:30:24]} 3. c4 {[%clk 1:30:48]} d5 {[%clk 1:30:44]} 4. g3
{[%clk 1:30:42]} Be7 {[%clk 1:28:55]} 5. Bg2 {[%clk 1:31:06]} O-O
{[%clk 1:28:59]} 6. O-O {[%clk 1:31:32]} b6 {[%clk 1:29:08]} 7. cxd5
{[%clk 1:28:34]} exd5 {[%clk 1:28:48]} 8. Nc3 {[%clk 1:28:59]} Bb7
{[%clk 1:28:41]} 9. Ne5 {[%clk 1:28:45]} Nbd7 {[%clk 1:24:56]} 10. Qa4
{[%clk 1:29:01]} Nxe5 {[%clk 1:22:04]} 11. dxe5 {[%clk 1:29:29]} Ne8
{[%clk 1:22:03]} 12. Nxd5 {[%clk 1:24:47]} Bxd5 {[%clk 1:20:06]} 13. Rd1
{[%clk 1:25:07]} c6 {[%clk 1:17:41]} 14. e4 {[%clk 1:25:27]} Nc7 {[%clk 1:14:07]}
15. exd5 {[%clk 1:24:25]} cxd5 {[%clk 1:13:27]} 16. Be3 {[%clk 1:20:44]} Re8
{[%clk 0:59:14]} 17. Rac1 {[%clk 1:19:57]} Bf8 {[%clk 0:52:01]} 18. f4
{[%clk 1:12:32]} f6 {[%clk 0:46:42]} 19. Qc6 {[%clk 1:08:56]} Rc8
{[%clk 0:45:10]} 20. Bh3 {[%clk 1:08:10]}  1-0

[Event "European Senior Team Championship 2021"]
[Site "Don Giovanni hotel, Vinohradska 2733, Prague, Czech Republic"]
[Date "2021.09.05"]
[Round "7"]
[Board "1"]
[White "Svanda, Pavel"]
[Black "Richtrova, Eliska"]
[Result "1/2-1/2"]
[WhiteElo "2081"]
[BlackElo "2186"]
[PlyCount "0"]
[EventDate "2021.08.30"]
[EventType "team"]
[EventRounds "9"]
[EventCountry "ECX"]
[WhiteTeam "KSS VYSOCINA"]
[BlackTeam "CZECH REPUBLIC WOMEN"]

1. e4 {[%clk 1:30:56]} c6 {[%clk 1:30:24]} 2. Nf3 {[%clk 1:31:14]} d5
{[%clk 1:30:02]} 3. Nc3 {[%clk 1:31:36]} Bg4 {[%clk 1:30:00]} 4. h3
{[%clk 1:31:50]} Bh5 {[%clk 1:30:19]} 5. Be2 {[%clk 1:29:56]} e6 {[%clk 1:30:05]}
6. d4 {[%clk 1:30:04]} Bd6 {[%clk 1:28:43]} 7. O-O {[%clk 1:29:23]} Ne7
{[%clk 1:28:07]} 8. exd5 {[%clk 1:27:25]} cxd5 {[%clk 1:23:49]} 9. Nb5
{[%clk 1:27:06]} Nbc6 {[%clk 1:22:21]} 10. Nxd6+ {[%clk 1:24:51]} Qxd6
{[%clk 1:22:47]} 11. a4 {[%clk 1:09:56]} O-O {[%clk 1:18:33]} 12. a5
{[%clk 1:06:32]} Qc7 {[%clk 1:13:15]} 13. a6 {[%clk 1:05:24]} b6 {[%clk 1:13:41]}
14. b3 {[%clk 1:03:08]} Rac8 {[%clk 1:08:00]} 15. c3 {[%clk 1:01:39]} Na5
{[%clk 1:03:13]} 16. Bd2 {[%clk 1:01:58]} Rfd8 {[%clk 1:03:10]} 17. Qb1
{[%clk 0:59:40]} Bg6 {[%clk 0:56:19]} 18. Qa2 {[%clk 0:59:45]} f6
{[%clk 0:52:53]} 19. Rfc1 {[%clk 0:55:14]} Bf7 {[%clk 0:45:03]} 20. c4
{[%clk 0:49:30]} Nac6 {[%clk 0:44:51]} 21. b4 {[%clk 0:42:44]} e5
{[%clk 0:37:01]} 22. dxe5 {[%clk 0:40:47]} Nxe5 {[%clk 0:31:14]} 23. cxd5
{[%clk 0:38:44]}  1/2-1/2